| 000 | 00000nam 2200000za 4500 |
| 001 | 9.572880 |
| 003 | CaOODSP |
| 005 | 20210624183430 |
| 007 | cr ||||||||||| |
| 008 | 150406|1996||||xxc|||||o f|0| 0 eng d |
| 040 | |aCaOODSP|beng |
| 043 | |an-cn--- |
| 086 | 1 |aSC94-61/18-1996E-PDF |
| 245 | 04|aThe policy capacity of government |h[electronic resource] / |c[by] B. Guy Peters. |
| 260 | |aOttawa : |bCanadian Centre for Management Development, |c1996. |
| 300 | |a61 p. : |bfigs., tables |
| 490 | 1 |aResearch paper ; |vNo. 18 |
| 500 | |aThe catalogue number (SC94-61/18-1996) and ISBN (O-662-62188-3) for the bilingual print edition have been incorrectly copied in this electronic publication. |
| 504 | |aBibliography. |
| 590 | |a12-09-Supp|b2012-03-21 |
| 690 | 07|aGovernment policy|2gcpds |
| 710 | 1 |aCanada.|bCanadian Centre for Management Development. |
| 720 | 1 |aPeters, B. Guy |
| 775 | 08|tLa capacité des pouvoirs publics d'élaborer des politiques |w(CaOODSP)9.603127 |
| 776 | 0#|tThe policy capacity of government / |w(CaOODSP)9.526836 |
| 830 | #0|aResearch paper (Canadian Centre for Management Development)|vNo. 18|w(CaOODSP)9.504493 |
| 856 | 40|ahttp://publications.gc.ca|qPDF|s1.09 MB|uhttps://publications.gc.ca/collections/Collection/SC94-61-18-1996E.pdf|yNo. 18 |